[Event "Koge Lang Jubilee Weekend Gr-4"]
[Site "Koge"]
[Date "2022.07.09"]
[Round "7"]
[White "Larsen, Hans Haagen"]
[Black "Chaudhury, Anmay Kumar"]
[Result "0-1"]
[WhiteElo "1517"]
[BlackElo "1700"]
[PlyCount "102"]
[EventDate "2022.07.06"]
[EventType "swiss"]
[EventRounds "9"]
[EventCountry "DEN"]
[SourceTitle "EXT 2024"]
[Source "ChessBase"]
[SourceDate "2023.10.10"]
[SourceVersion "1"]
[SourceVersionDate "2023.10.10"]
[SourceQuality "1"]

1. b4 e5 2. Bb2 Bxb4 3. Bxe5 Nf6 4. c4 0-0 5. e3 d5 6. Nf3 c5 7. Be2 Nc6 8. Bb2 Be6 9. cxd5 Nxd5 10. 0-0 Rc8 11. d4 cxd4 12. Nxd4 Nxd4 13. Bxd4 Qa5 14. Qd3 Rfd8 15. a3 Bc3 16. Nxc3 Nxc3 17. Bxc3 Qxc3 18. Qxc3 Rxc3 19. Rfc1 Rdc8 20. Rxc3 Rxc3 21. a4 a5 22. Bf3 b6 23. h3 g6 24. Kh2 Kf8 25. Kg3 Ke7 26. Be2 Kd6 27. Rb1 Rb3 28. Rd1+ Kc5 29. Rc1+ Kb4 30. Bb5 Rc3 31. Rd1 Bb3 32. Rd6 Bxa4 33. Bxa4 Kxa4 34. Rxb6 Rb3 35. Ra6 Kb5 36. Ra7 a4 37. Rxf7 a3 38. Ra7 Kb4 39. Kf4 Kc3 40. e4 Kb2 41. e5 a2 42. Kg5 Ra3 43. Rb7+ Kc3 44. Rc7+ Kd4 45. e6 a1Q 46. e7 Ra8 47. Kh6 Kd5 48. Rd7+ Ke6 49. Rc7 Re8 50. Kxh7 Rxe7+ 51. Rxe7+ Kxe7 0-1

[Event "Koge Lang Jubilee Weekend Gr-4"]
[Site "Koge"]
[Date "2022.07.08"]
[Round "6"]
[White "Tolba, Henri"]
[Black "Chaudhury, Anmay Kumar"]
[Result "0-1"]
[WhiteElo "1612"]
[BlackElo "1700"]
[PlyCount "98"]
[EventDate "2022.07.06"]
[EventType "swiss"]
[EventRounds "9"]
[EventCountry "DEN"]
[SourceTitle "EXT 2024"]
[Source "ChessBase"]
[SourceDate "2023.10.10"]
[SourceVersion "1"]
[SourceVersionDate "2023.10.10"]
[SourceQuality "1"]

1. e4 c5 2. d4 cxd4 3. c3 dxc3 4. Nxc3 d6 5. Bc4 Nf6 6. Nf3 e6 7. Qe2 Be7 8. Bf4 e5 9. Bg5 0-0 10. 0-0 Nc6 11. Rfd1 Bg4 12. h3 Nd4 13. Qd3 Nxf3+ 14. gxf3 Bxh3 15. f4 Qc8 16. f5 Bg4 17. Rdc1 Qd8 18. Qg3 Bh5 19. Bxf6 Bxf6 20. Qh3 g6 21. Kh2 Qb6 22. Qg3 Bg7 23. Nd5 Qd8 24. Rg1 Rc8 25. Bb3 Kh8 26. Rac1 Bh6 27. Rxc8 Qxc8 28. Qh4 Qd8 29. f6 Qc8 30. Bd1 Bf4+ 31. Nxf4 Bxd1 32. Qh6 Rg8 33. Nxg6+ fxg6 34. Rxd1 Qe6 35. Qh4 Rf8 36. Rc1 Qxf6 37. Qxf6+ Rxf6 38. Kg3 Kg7 39. Rc7+ Rf7 40. Rc3 Kf6 41. f4 exf4+ 42. Kxf4 h5 43. b4 g5+ 44. Ke3 Ke5 45. Rd3 Rf6 46. Rd5+ Ke6 47. Rxg5 Rh6 48. Rg7 h4 49. Rxb7 h3 0-1